|
|
|
|
| LEADER |
00000nam0a2200000 4500 |
| 001 |
83461 |
| 005 |
20231031100207.0 |
| 010 |
|
|
|a 5768400575
|
| 035 |
|
|
|a (RuTPU)RU\TPU\book\89723
|
| 090 |
|
|
|a 83461
|
| 100 |
|
|
|a 20051017d1996 m y0rusy50 ca
|
| 101 |
1 |
|
|a rus
|c eng
|
| 102 |
|
|
|a RU
|
| 105 |
|
|
|a y z 000ay
|
| 200 |
1 |
|
|a Трилогия легенд
|h Т. 3. Испытание близнецов
|f М. Уэйс, Т. Хикмэн
|
| 210 |
|
|
|a СПб.
|c Азбука
|d 1996
|
| 215 |
|
|
|a 476 с.
|
| 225 |
1 |
|
|a OragonLance
|
| 225 |
1 |
|
|a Сага о Копье
|
| 610 |
1 |
|
|a американская литература
|
| 610 |
1 |
|
|a фантастика
|
| 610 |
1 |
|
|a романы
|
| 675 |
|
|
|a 82
|v 3
|
| 700 |
|
1 |
|a Уэйс
|b М.
|g Маргарет
|
| 701 |
|
1 |
|a Хикмэн
|b Т.
|g Трэйси
|
| 801 |
|
1 |
|a RU
|b 63413507
|c 20051017
|g PSBO
|
| 801 |
|
2 |
|a RU
|b 63413507
|c 20051027
|g PSBO
|
| 942 |
|
|
|c BK
|